000
00304nam a2200109Ia 4500
008
190216s9999||||xx |||||||||||||| ||und||
100
_a
"William J Stanton, Michael J Etzel"
245
0
_a
Fundamentals Of Marketing
260
_b
Calicut University Central Co-Operative
_c
1994
300
_a
1304p
942
_c
BK
999
_c
6078
_d
6078